50 Biggest Cities in China by Population - Statistics

General Stats
  • This quiz has been taken 140 times
  • The average score is 30 of 50
Answer Stats
Rank Cities % Correct
1 Shanghai
98%
2 Beijing
97%
5 Guangzhou
97%
10 Xi'an
96%
9 Wuhan
94%
7 Chengdu
92%
3 Chongqing
91%
30 Xiamen
90%
8 Nanjing
89%
4 Tianjin
88%
11 Hangzhou
86%
16 Qingdao
86%
6 Shenzhen
86%
23 Ürümqi
86%
15 Harbin
85%
14 Shenyang
85%
25 Hefei
81%
20 Changsha
78%
17 Dalian
78%
31 Fuzhou
76%
21 Kunming
75%
24 Shantou
75%
19 Zhengzhou
74%
29 Nanning
67%
32 Wenzhou
67%
18 Jinan
65%
26 Shijiazhuang
59%
22 Changchun
58%
27 Ningbo
55%
28 Taiyuan
53%
37 Wuxi
51%
38 Lanzhou
49%
43 Zibo
49%
34 Nanchang
45%
36 Guiyang
44%
12 Dongguan
42%
13 Foshan
41%
33 Changzhou
30%
46 Huizhou
30%
48 Nantong
30%
47 Luoyang
29%
41 Weifang
25%
49 Baotou
23%
35 Tangshan
22%
45 Yantai
22%
50 Liuzhou
12%
39 Zhongshan
12%
42 Huai'an
10%
40 Handan
7%
44 Shaoxing
3%
No matching quizzes found
Score Distribution
Percent of People with Each Score
Percentile by Number Answered
Your Score History
You have not taken this quiz